书目信息 |
| 题名: |
沉浮
|
|
| 作者: | 江波 主编 | |
| 分册: | ||
| 出版信息: | 北京 中共中央党校出版社 2023.10 |
|
| 页数: | ||
| 开本: | ||
| 丛书名: | ||
| 单 册: | ||
| 中图分类: | D564 | |
| 科图分类: | ||
| 主题词: | 国际政治 | |
| 电子资源: | ||
| ISBN: | 7-5035-7615-4 | |
| 000 | 00507nam0 2200181 450 | |
| 001 | 2540040949 | |
| 005 | 20251216111008.24 | |
| 010 | @a7-5035-7615-4@dCNY82.00 | |
| 100 | @a20251216d2023 km y0chiy0120 ea | |
| 101 | 0 | @achi |
| 102 | @aCN@b110000 | |
| 200 | 1 | @a沉浮@AChen Fu@f江波主编@FJiang Bo Zhu Bian |
| 210 | @a北京@c中共中央党校出版社@d2023.10 | |
| 606 | 0 | @a国际政治 |
| 690 | @aD564@v4 | |
| 701 | 0 | @a江波@AJiang Bo@4主编 |
| 801 | 0 | @aCN@b大连网信软件有限公司图书馆·11@c20251216 |
| 905 | @aZUCC@dD564@e285 | |
| 沉浮/江波主编.-北京:中共中央党校出版社,2023.10 |
| ISBN 7-5035-7615-4:CNY82.00 |
| ● |
| 相关链接 |
|
|
|
|
正题名:沉浮
索取号:D564/285
 
预约/预借
| 序号 | 登录号 | 条形码 | 馆藏地/架位号 | 状态 | 备注 |
| 1 | 1441913 | 214419137 | 第一样本阅览室/ [索取号:D564/285] | 在馆 |